Informe estadístico sociodemográfico : Municipio de Estelí.
| Format: | Section = Libro |
|---|---|
| Language: | Undetermined Spanish |
| Published: |
Managua
INIFOM
2000
|
| Subjects: |
| LEADER | 00651nam a2200205Ia 4500 | ||
|---|---|---|---|
| 008 | 240829s9999 xx 000 0 und d | ||
| 020 | |a 99924-0-022-26 | ||
| 040 | |a BIBLIOTECA-RUPAP Ref 312 I59 | ||
| 041 | |a spa | ||
| 082 | |a Ref 312 I59 | ||
| 245 | 1 | 0 | |a Informe estadístico sociodemográfico : Municipio de Estelí. |
| 260 | |a Managua |b INIFOM |c 2000 | ||
| 300 | |a 80 p. :il. | ||
| 650 | 7 | |a ESTADISTICAS DE POBLACION-PUERTO CABEZAS | |
| 650 | 7 | |b CONDICONES NATURALES-PUERTO CABEZAS | |
| 650 | 7 | |c SERVICIOS BASICOS-PUERTO CABEZAS | |
| 650 | 7 | |d CARACTERISTICAS DE LA VIVIENDA-PUERTO CABEZAS. I. Tít. | |
| 942 | |c BK |2 ddc | ||
| 991 | |a TEXTO | ||
| 999 | |c 9242 | ||